| 000 | 00655nam a2200205 4500 | ||
|---|---|---|---|
| 003 | OSt | ||
| 005 | 20240624032946.0 | ||
| 006 | a | ||
| 008 | 240624b |||||||| |||| 00| 0 eng d | ||
| 020 | _a9717250502 | ||
| 040 |
_aDWCL-Main lib. _cOC |
||
| 082 | _aFil. 490.7 B132m 2011 | ||
| 100 | _aBadayos, Paquito B. | ||
| 245 | _aMetodolohiya sa pagtuturo ng wika : mga teorya, imulain at istatehiya / | ||
| 260 |
_aMakati City : _bGrandwater Pub. & Research Corp., _cc2011. |
||
| 300 |
_b424 p. : ill. ; _c26 cm. |
||
| 504 | _aIncludes Bibliographical references. | ||
| 650 | _a1. Filipino Language-study and teaching. | ||
| 942 |
_2ddc _n0 _cBK - FIL _kFil. |
||
| 999 |
_c1205 _d1205 |
||